000 00753cam a2200169 i 4500
005 20251207101032.0
008 250721s2008 jo gr 000 0 ara d
082 1 4 _a215
_bم و س
100 1 _aموسى، محمد بديع
_eمؤلف.
245 1 0 _aتأويل القرآن الكريم ومذاهب الفرق فيه :
_bالخوارج ،الجهمية ،المعتزلة ،الشيعة، الباطنية، أهل الكلام، الصوفية /
_cالدكتور محمد بديع موسى.
250 _aالطبعة الأولى.
264 3 1 _aعمان :
_bدار الإعلام للنشر والتوزيع،
_c2008.
300 _a567 صفحة.
650 1 7 _aالفرق الاسلامية.
942 _2ddc
_cBK
999 _c110538
_d110538